| 000 | 00363nam a22001577a 4500 | ||
|---|---|---|---|
| 005 | 20160616130336.0 | ||
| 008 | 160616b xxu||||| |||| 00| 0 eng d | ||
| 020 | _a978-0-525-95020-2 | ||
| 041 | _aeng | ||
| 082 | _b7992 | ||
| 100 |
_aRai, Vinay and simon william L. _92116 |
||
| 245 | _aThink India | ||
| 300 | _a258 | ||
| 650 |
_aManagement _9241 |
||
| 942 | _cBK | ||
| 999 |
_c2961 _d2960 |
||